| 000 -CABECERA |
| Longitud fija campo de control |
00987nam a22002654i 4500 |
| 001 - NÚMERO DE CONTROL |
| Número de control |
991060914045906706 |
| 003 - IDENTIFICADOR DEL NÚMERO DE CONTROL |
| Identificador del número de control |
OSt |
| 005 - FECHA Y HORA DE LA ÚLTIMA TRANSACCIÓN |
| Fecha y hora de la última transacción |
20230518184410.0 |
| 008 - CÓDIGOS DE INFORMACIÓN DE LONGITUD FIJA |
| Códigos de información de longitud fija |
230215s2023 sp 001 0bspa|c |
| 017 ## - NÚMERO DE COPYRIGHT O DE DEPÓSITO LEGAL |
| Número de copyright o de depósito legal |
DL M 125-2023 |
| Agencia que asigna el número |
Oficina DL Madrid |
| 020 ## - NÚMERO INTERNACIONAL NORMALIZADO PARA LIBROS |
| Número Internacional Normalizado para Libros (ISBN) |
9788417425081 |
| 040 ## - FUENTE DE LA CATALOGACIÓN |
| Centro catalogador de origen |
ES-BaBAB |
| Lengua de catalogación |
cat |
| Normas de descripción |
rda |
| Centro transcriptor |
CDMR |
| 100 1# - PUNTO DE ACCESO PRINCIPAL-NOMBRE DE PERSONA |
| Nombre de persona |
Gázquez Cano, Míriam, |
| 245 10 - MENCIÓN DE TÍTULO |
| Título |
Juan Ramón Masoliver : |
| Resto del título |
edición y cultura en la Barcelona de posguerra / |
| Mención de responsabilidad, etc. |
Míriam Gázquez Cano ; prólogo de Jordi Gracia |
| 264 #1 - PRODUCCIÓN, PUBLICACIÓN , DISTRIBUCIÓN, FABRICACIÓN Y COPYRIGHT |
| Lugar de producción, publicación, distribución, fabricación |
Madrid : |
| Nombre del productor, editor, distribuidor, fabricante |
Forcola Ediciones, |
| Fecha de de producción, publicación, distribución, fabricación o copyright |
[2023] |
| 300 ## - DESCRIPCIÓN FÍSICA |
| Extensión |
444 pàgines ; |
| Dimensiones |
21 cm |
| 490 1# - MENCIÓN DE SERIE |
| Mención de serie |
Colección Siglo XX ; |
| Designación de volumen o secuencia |
25 |
| 504 ## - NOTA DE BIBLIOGRAFÍA, ETC |
| Nota de bibliografía, etc. |
Inclou notes, bibliografia: pàgines 369-380 i índex |
| 600 10 - PUNTO DE ACCESO ADICIONAL DE MATERIA - NOMBRE DE PERSONA |
| Nombre de persona |
Masoliver, Juan Ramón |
| Fechas asociadas al nombre |
1910-1997 |
| Fuente de encabezamiento o te&ecute,rmino |
lemac |
| 9 (RLIN) |
4039 |
| 650 07 - PUNTO DE ACCESO ADICIONAL DE MATERIA - TÉRMINO DE MATERIA |
| Término de materia o nombre geográfico como elemento inicial |
Edició |
| Subdivisión geográfica |
Catalunya |
| -- |
Barcelona |
| Subdivisión de materia general |
Història |
| Subdivisión cronológica |
S. XX. |
| Fuente del encabezamiento o término |
lemac |
| 650 00 - PUNTO DE ACCESO ADICIONAL DE MATERIA - TÉRMINO DE MATERIA |
| Término de materia o nombre geográfico como elemento inicial |
Periodistes catalans |
| 9 (RLIN) |
3139 |
| Subdivisión de forma |
Biografia |
| 830 #0 - PUNTO DE ACCESO ADICIONAL DE SERIE - TÍTULO UNIFORME |
| Título uniforme |
Siglo XX (Fórcola Ediciones) ; |
| Designación de volumen o secuencia |
25 |
| 908 ## - CONTROL DE PARÁMETROS (RLIN) |
| Parametro de comando lanzado |
BAB |
| -- |
UAB |
| -- |
COAC |
| -- |
UB |
| 942 ## - ENTRADA DE ELEMENTOS AGREGADOS (KOHA) |
| Fuente de clasificaión o esquema |
|
| Koha [por defecto] tipo de item |
Monografies |